Language Quiz

Random Language Quiz

Icelandic animals Quiz Stats

 Plays Quiz not verified by Sporcle

Also try: 'G' in the Middle
Challenge
Share
Tweet
Embed
Score 0/20 Timer 05:00
0 Plays Today
Icelandic English % Correct
hundurdog
98.3%
ljónlion
98.3%
kötturcat
95.8%
gíraffigiraffe
95%
björnbear
89.9%
músmouse
87.4%
hesturhorse
86.6%
apimonkey
84%
svínpig
83.2%
ísbjörnpolar bear
81.5%
Icelandic English % Correct
kýrcow
78.2%
geitgoat
76.5%
rottarat
75.6%
úlfurwolf
73.1%
kanínarabbit
69.7%
refurfox
66.4%
froskurfrog
61.3%
fíllelephant
56.3%
hjörturdeer
51.3%
leðurblakabat
32.8%

You're not logged in!

Compare scores with friends on all Sporcle quizzes.
Join for Free
OR
Log In

You Might Also Like...

Show Comments

Extras

Created May 4, 2012ReportFavoriteNominate
Tags:icelandic

Top Quizzes Today


Score Distribution

Your Account Isn't Verified!

In order to create a playlist on Sporcle, you need to verify the email address you used during registration. Go to your Sporcle Settings to finish the process.

Report this User

Report this user for behavior that violates our Community Guidelines.

Details: